Activities of the conference resolutions of the Council of ministers of transport and reports approved in 1997

Salvato in:
Dettagli Bibliografici
Natura: Libro
Lingua:inglese
Pubblicazione: Paris ECMT 1998
Soggetti:
Tags: Aggiungi Tag
Nessun Tag, puoi essere il primo ad aggiungerne!!

MARC

LEADER 00000nam a2200000 4500
001 c120270
005 20251216125131.2
020 |a 92-821-1239-X 
041 0 |a eng 
044 |a FR 
245 1 0 |a Activities of the conference  |b resolutions of the Council of ministers of transport and reports approved in 1997 
264 1 |a Paris  |b ECMT  |c 1998 
300 |a 240 s. 
610 2 0 |a doprava 
610 2 0 |a politika dopravná 
610 2 0 |a hospodárstvo dopravné 
610 2 0 |a integrácia ekonomická medzinárodná